| 000 | 03432nam a2200289Ia 4500 | ||
|---|---|---|---|
| 005 | 20170207113523.0 | ||
| 008 | 130821s1886 sp |||fr 1 esp d | ||
| 040 |
_aCo-BoUCM _bspa _cSandra Yazo _dSandra Yazo |
||
| 041 | 0 | _aspa | |
| 082 | 0 | 4 |
_a107 _220 |
| 092 | _aE14N023 | ||
| 100 | 1 |
_aGonzález y Díaz Tuñón, Ceferino _d1831-1894 _983934 |
|
| 245 | 1 | 0 |
_aFilosofía elemental _cpor ... Fr. Zeferino González ... |
| 250 | _aQuinta edición | ||
| 260 |
_aMadrid (España) _bAgustín Jubera _c1886 |
||
| 300 |
_a2 volúmenes (xxxviii, 510 ; 627 páginas) _c22 x 14 cm. |
||
| 500 | _aDetalles físicos: Encuadernación rígida en cartón forrado en cuero. Lomo adornos en dorado y repujados, notorio deterioro por raspaduras y desgaste del cuero. Tapas con repujados decorados en cintas. Guardas en papel de agua, Anteportada. Portada impresa en una sola tinta con un escudo y varios sellos de tinta. Texto impreso en una sola columna, notas al pie de página. Papel manchado por oxidación de tintas. Lomo y con raspaduras, sueltas, residuos de cinta pegante, varias hojas sueltas incluida guardas, anteportada y varias hojas al inicio de la obra, notorio en el V.2. 2ª ed. Encuadernación rígida (holandesa), guardas en papel de agua. V.2 primeras hojas empiezan a desencuadernarse. | ||
| 500 | _aDatos de publicación tomados de la 5ª ed. Ejemplares agrupadas en un solo registro para mantener el orden de la colección, varias ediciones. Datos de publicación de la 2ª ed. Madrid, Imprenta de Policarpo López, 1876. Paginación: xlvi, 484 ; 646 páginas. | ||
| 505 | 0 | _aV.1 Consideraciones generales sobre la filosofía ; Libro 1 – 4: Lógica: Lógica general ; El signo ; Las categorías ; Los universales ; Juicio y proposición ; Raciocinio y argumentación ; La verdad y la certeza ; Criterios de la verdad ; Criterio del sentido común ; Criterio de los sentidos externos ; Criterio de la autoridad humana ; El método y sus clases -- Psicología: Facultades y operaciones del hombre ; Facultades sensibles ; Facultades apetitivas y afectivas ; La inteligencia ; Naturaleza y atributos del alma humana Inmortalidad del alma racional ; Unión del alma con el cuerpo -- Ideología: Naturaleza y existencia de las ideas ; Teorías sobre el origen de las ideas ; Teoría general sobre el origen de las ideas -- V.2: Libro 5 – 7:Psicología: Metafísica General ; Idea general de la metafísica ; Ontología ; Del ente y sus divisiones ; Propiedades generales del ente ; Causas del ente ; Especies principales del ente ; Metafísica especial ; Cosmología ; Del mundo en general ; Principios constitutivos de los cuerpos ; Propiedades y afecciones generales de los cuerpos ; Las leyes de la Naturaleza ; Los cuerpos vivientes --Teodicea ; La existencia de Dios ; La esencia de Dios ; Atributos absolutos de Dios ; Atributos relativos de Dios -- Moral ; Consideraciones generales ; Origen primitivo de la moralidad en los actos humanos ; Existencia de la moralidad y su condición necesaria ; Esencia de la moralidad ; Deberes del hombre para consigo mismo ; Deberes del hombre como miembro de la sociedad civil ; Deberes del hombre para con Dios | |
| 506 | _aConsulta en sala | ||
| 650 | 7 |
_aEscolasticismo _914772 |
|
| 650 | 7 |
_aLógica (Filosofía) _918791 |
|
| 650 | 7 |
_aTomismo _925513 |
|
| 650 | 7 |
_aMetafísica _919397 |
|
| 690 |
_aFilosofía _975 |
||
| 942 |
_cLIBRO _e5 _2LOCAL _hE14N023 |
||
| 999 |
_c75694 _d75694 |
||